00856 2200301 4500001002100000005001500021035002500036008004100061020002200102040001700124082001600141084001800157245004700175260003100222300004200253504002900295650004200324850001200366007000300378090002200381090002200403100001900425999002200444990002200466990002200488990002200510990002200532INLIS00000000001693120200528115608 a0010-021600000000019 ind s2015 yoia g ind d a979-602-258-325-7 aYOPDYOGbind04222a616.027 a616.027 ARW r00aRiset kesehatan /cpenulis, Arwan Hermanus3 aYogyakarta :bOmbak,c2015 avi, 190 halaman :bilustrasi ;c21 cm aBibliografi: halaman 187 4aPerawat dan Keperawatan--xPenelitian aYOPDYOGta aDEP 616.027 ARW r aCB-D.11 2015-11410 aArwam Hermanus aCB-D.11/2015-1141 aCB-D.11/2015-1141 aCB-D.11/2015-2731 aCB-D.11/2015-2731 aCB-D.11/2015-1141